Negotiating for business results

Bibliographic Details
Main Author: Fisher, Judith E.
Format: Book
Published: Chicago : Jack Wilson & Association,Inc , 1994
Series:Business skills express series
Subjects:

MARC

LEADER 00000cam a2200000 7i4500
001 0000020865
005 20071126.0
022 0 |a 0786301147 
040 |a INS 
090 0 0 |a CD 320 
100 1 |a Fisher, Judith E. 
245 0 0 |a Negotiating for business results   |c Judith E. Fisher [  |h compact disc] 
260 |a Chicago :   |b Jack Wilson & Association,Inc ,   |c 1994 
300 |a 1 sound disc (39 min) :   |b snd. ;   |c 4 3/4 in + book + DVD. 
440 0 |a Business skills express series 
500 |a Includes DVD and book 
650 0 0 |a Negotiation in business 
999 |a CD00000320   |b CD-ROM   |c Media Collection   |e Default branch